000 00304nam a22001337a 4500
008 210304b ||||| |||| 00| 0 eng d
020 _a9781884822797
041 _aeng
080 _a038
100 _a23
101 _aFJL
245 _aThe Book of 101 Opera Librettos
_cMacMurray,M.J
942 _2udc
_cBK
999 _c55710
_d55710